[Event "Abierto Internacional Carlos I"]
[Site "Hotel Carlos I (Sanxenxo)"]
[Date "2009.06.20"]
[Round "1.1"]
[White "Paunovic, Dragan"]
[Black "Adams, Philip"]
[Result "1-0"]
[WhiteElo "2537"]
[BlackElo "2154"]
[PlyCount "95"]
[EventDate "2009.06.20"]

1. c4 c5 2. g3 g6 3. Bg2 Bg7 4. Nf3 Nc6 5. O-O e5 6. Nc3 Nge7 7. a3 O-O 8. Rb1
a5 9. d3 d6 10. Bg5 f6 11. Bd2 Be6 12. e4 Rb8 13. Qa4 Ra8 14. Nd5 Bd7 15. Qc2
a4 16. b4 axb3 17. Rxb3 Nxd5 18. cxd5 Na5 19. Bxa5 Rxa5 20. Rxb7 Rxa3 21. Nd2
Bc8 22. Rb3 Rxb3 23. Qxb3 Ba6 24. Ra1 Qc8 25. Bh3 f5 26. Ra3 Bh6 27. Nc4 Bxc4
28. dxc4 Qc7 29. Qc2 fxe4 30. Be6+ Kh8 31. Qxe4 Bc1 32. Rf3 Qg7 33. h4 Bb2 34.
Kg2 Bd4 35. Qg4 Rxf3 36. Qxf3 h5 37. Qd3 Qf6 38. f3 Kg7 39. Qb1 Qf8 40. Qb7+
Kh6 41. Bf7 e4 42. f4 Kg7 43. Be8+ Kh6 44. Bf7 Bf6 45. Be6 Bd4 46. Qb1 e3 47.
Kf3 Qa8 48. Bf7 1-0

[Event "Abierto Internacional Carlos I"]
[Site "Hotel Carlos I (Sanxenxo)"]
[Date "2009.06.20"]
[Round "1.2"]
[White "Zamarbide Iñarrea, Daniel"]
[Black "Strikovic, Aleksa"]
[Result "0-1"]
[WhiteElo "2150"]
[BlackElo "2536"]
[PlyCount "38"]
[EventDate "2009.06.20"]

1. e4 c5 2. Nf3 e6 3. b3 Nc6 4. Bb5 Nge7 5. O-O a6 6. Bxc6 Nxc6 7. Bb2 b6 8. d3
Bb7 9. Nbd2 f6 10. Nh4 Qe7 11. Nc4 b5 12. Nb6 Rb8 13. Qh5+ Kd8 14. Rfe1 Qe8 15.
Qg4 Kc7 16. Nd5+ exd5 17. exd5 Ne5 18. Qg3 Qf7 19. f4 Ng6 0-1

[Event "Abierto Internacional Carlos I"]
[Site "Hotel Carlos I (Sanxenxo)"]
[Date "2009.06.20"]
[Round "1.3"]
[White "De La Villa Garcia, Jesus Maria"]
[Black "Bolhari, Orfeh"]
[Result "1-0"]
[WhiteElo "2476"]
[BlackElo "2127"]
[PlyCount "81"]
[EventDate "2009.06.20"]

1. e4 e5 2. Nf3 Nc6 3. Bb5 Nge7 4. Nc3 d6 5. d4 Bd7 6. Bg5 exd4 7. Nxd4 Nxd4 8.
Qxd4 Bxb5 9. Nxb5 a6 10. Nc3 Nc6 11. Qe3 Be7 12. h4 h6 13. Bf4 Qd7 14. O-O-O
Qe6 15. f3 O-O-O 16. g4 Kb8 17. Bg3 g6 18. Nd5 Bf8 19. Bf2 Bg7 20. Rd3 Kc8 21.
Rhd1 Rhe8 22. Rb3 Na5 23. Qa7 Nxb3+ 24. axb3 Kd7 25. Qxb7 Rc8 26. Bb6 Qe5 27.
Bd4 Qxd4 28. Rxd4 Bxd4 29. c3 Bf2 30. Nf6+ Ke6 31. Nxe8 Rxe8 32. Qxc7 Ra8 33.
Qb7 Ra7 34. Qd5+ Ke7 35. e5 dxe5 36. Qxe5+ Kd7 37. Qf4 Kc6 38. Qf6+ Kb5 39. Kc2
a5 40. Qd6 Bc5 41. c4+ 1-0

[Event "Abierto Internacional Carlos I"]
[Site "Hotel Carlos I (Sanxenxo)"]
[Date "2009.06.20"]
[Round "1.4"]
[White "Baldwin Del Castillo, Ricardo"]
[Black "Recuero Guerra, David"]
[Result "0-1"]
[WhiteElo "2000"]
[BlackElo "2459"]
[PlyCount "72"]
[EventDate "2009.06.20"]

1. e4 c5 2. Nf3 Nc6 3. d4 cxd4 4. Nxd4 Nf6 5. Nc3 d6 6. Bc4 e6 7. Bb3 a6 8. O-O
Qc7 9. Be3 Na5 10. Qe2 b5 11. f3 Be7 12. Rad1 O-O 13. Qf2 Nc4 14. Bc1 Bd7 15.
Rfe1 Rfc8 16. g4 b4 17. Nce2 a5 18. c3 a4 19. Bc2 a3 20. bxa3 Nxa3 21. Bb3 bxc3
22. Ng3 Nc4 23. g5 Ne8 24. h4 Na5 25. Bc2 Nc6 26. Nb5 Qa5 27. Na3 Qb4 28. Nb1
Rxa2 29. e5 Nxe5 30. Re4 Qa5 31. f4 Ng4 32. Qe2 Qc5+ 33. Re3 Rxc2 34. Qxc2 Nxe3
35. Bxe3 Qxe3+ 36. Kg2 Qxf4 0-1

[Event "Abierto Internacional Carlos I"]
[Site "Hotel Carlos I (Sanxenxo)"]
[Date "2009.06.20"]
[Round "1.5"]
[White "Pena Gomez, Manuel"]
[Black "Bello Filgueira, Joaquin Antoni"]
[Result "1-0"]
[WhiteElo "2456"]
[BlackElo "1960"]
[PlyCount "75"]
[EventDate "2009.06.20"]

1. c4 c5 2. Nc3 Nc6 3. g3 g6 4. Bg2 Bg7 5. e3 Nf6 6. Nge2 O-O 7. O-O d6 8. d4
cxd4 9. exd4 Rb8 10. h3 Bd7 11. Be3 Re8 12. d5 Ne5 13. b3 Bc8 14. Bxa7 Ra8 15.
Bd4 Ned7 16. Nb5 b6 17. Nec3 Ba6 18. Re1 Qb8 19. Re2 Bxb5 20. Nxb5 Bf8 21. Bb2
Rc8 22. Nd4 Qb7 23. a4 Re8 24. Nc6 Qc7 25. b4 Ra6 26. Qb3 Raa8 27. Rae1 Rac8
28. Qf3 Kg7 29. Nxe7 Ne5 30. Rxe5 dxe5 31. Nxc8 Qxc8 32. Rxe5 Rxe5 33. Bxe5 Qf5
34. Qxf5 gxf5 35. d6 Kg6 36. Bc6 Ne4 37. Bxe4 fxe4 38. d7 1-0

[Event "Abierto Internacional Carlos I"]
[Site "Hotel Carlos I (Sanxenxo)"]
[Date "2009.06.20"]
[Round "1.6"]
[White "Moran Llera, Jose Angel"]
[Black "Guerra Bastida, Diego"]
[Result "0-1"]
[WhiteElo "1921"]
[BlackElo "2420"]
[PlyCount "68"]
[EventDate "2009.06.20"]

1. d4 e6 2. Nf3 f5 3. Bg5 Be7 4. h4 Nf6 5. e3 d6 6. Nc3 Nc6 7. Bd3 e5 8. Bb5 e4
9. Ng1 Bd7 10. Bxf6 Bxf6 11. Qh5+ g6 12. Qe2 a6 13. Bc4 Na5 14. h5 c5 15. O-O-O
Rc8 16. hxg6 hxg6 17. Rxh8+ Bxh8 18. Bd5 cxd4 19. exd4 b5 20. Nxe4 fxe4 21.
Qxe4+ Qe7 22. Qxg6+ Kd8 23. Nf3 Qf6 24. Qg3 Qf5 25. Qg5+ Bf6 26. Qxf5 Bxf5 27.
c3 b4 28. Kd2 bxc3+ 29. bxc3 Nc4+ 30. Bxc4 Rxc4 31. Ne1 Bg5+ 32. Ke2 Rxc3 33.
g3 Ra3 34. Ra1 Bf6 0-1

[Event "Abierto Internacional Carlos I"]
[Site "Hotel Carlos I (Sanxenxo)"]
[Date "2009.06.20"]
[Round "1.7"]
[White "Gomez, Ledo Roberto"]
[Black "Rosenfeld, Imre"]
[Result "1-0"]
[WhiteElo "2398"]
[BlackElo "1919"]
[PlyCount "37"]
[EventDate "2009.06.20"]

1. d4 d5 2. c4 dxc4 3. Nf3 Nf6 4. e3 e6 5. Bxc4 c5 6. O-O a6 7. Bb3 b5 8. a4 b4
9. Nbd2 Bb7 10. e4 Nxe4 11. Nxe4 Bxe4 12. Re1 Bd5 13. dxc5 Bxb3 14. Qxb3 Bxc5
15. Bg5 Qb6 16. a5 Qa7 17. Rxe6+ fxe6 18. Qxe6+ Be7 19. Qc8+ 1-0

[Event "Abierto Internacional Carlos I"]
[Site "Hotel Carlos I (Sanxenxo)"]
[Date "2009.06.20"]
[Round "1.8"]
[White "Salgado Gonzalez, Julio"]
[Black "Aguera Naredo, Javier"]
[Result "0-1"]
[WhiteElo "1909"]
[BlackElo "2380"]
[PlyCount "66"]
[EventDate "2009.06.20"]

1. d4 Nf6 2. Bf4 g6 3. h3 Bg7 4. e3 b6 5. Nf3 Bb7 6. Nbd2 d6 7. Bd3 Nbd7 8. c3
O-O 9. O-O Re8 10. Bh2 e5 11. dxe5 dxe5 12. Bc4 e4 13. Ng5 Re7 14. Qb3 Qe8 15.
Bxc7 Nc5 16. Bxf7+ Rxf7 17. Qxf7+ Qxf7 18. Nxf7 Kxf7 19. Be5 Nd3 20. Nc4 Bd5
21. Nd6+ Ke6 22. Bxf6 Bxf6 23. Nb5 Be5 24. b3 a6 25. Nd4+ Ke7 26. Rad1 b5 27.
Rd2 Rc8 28. Rc2 Bxd4 29. exd4 Nb4 30. Re2 Rxc3 31. f3 e3 32. Rfe1 Nc2 33. Kf1
Nxe1 0-1

[Event "Abierto Internacional Carlos I"]
[Site "Hotel Carlos I (Sanxenxo)"]
[Date "2009.06.20"]
[Round "1.9"]
[White "Alvarez Fernandez, Enrique"]
[Black "Outeiro Padin, Heladio"]
[Result "1-0"]
[WhiteElo "2376"]
[BlackElo "1907"]
[PlyCount "65"]
[EventDate "2009.06.20"]

1. d4 Nf6 2. Bg5 g6 3. Bxf6 exf6 4. e3 Bg7 5. g3 d5 6. Bg2 Be6 7. Ne2 Qd7 8. c4
c6 9. cxd5 Bxd5 10. e4 Be6 11. Nf4 Bc4 12. Na3 Ba6 13. Rc1 O-O 14. Nc2 f5 15.
e5 Re8 16. Ne2 Bc4 17. Ne3 Bxe2 18. Kxe2 Na6 19. Qa4 Rad8 20. Rhd1 c5 21. Qxd7
Rxd7 22. dxc5 Rc7 23. f4 f6 24. c6 bxc6 25. Bxc6 Rb8 26. Nd5 Rxb2+ 27. Rd2
Rxd2+ 28. Kxd2 fxe5 29. Nxc7 Nxc7 30. Bd7 Na6 31. Bb5 Nb4 32. a3 a6 33. Bc4+
1-0

[Event "Abierto Internacional Carlos I"]
[Site "Hotel Carlos I (Sanxenxo)"]
[Date "2009.06.20"]
[Round "1.10"]
[White "Vazquez Del Valle, Ruben"]
[Black "Rodriguez Lopez, Rafael"]
[Result "0-1"]
[WhiteElo "1902"]
[BlackElo "2299"]
[PlyCount "84"]
[EventDate "2009.06.20"]

1. Nf3 d5 2. c4 c6 3. cxd5 cxd5 4. d4 Nc6 5. Nc3 Nf6 6. Ne5 e6 7. Nxc6 bxc6 8.
g3 Be7 9. Bg2 O-O 10. O-O Bb7 11. Na4 Nd7 12. Be3 Rc8 13. Rc1 Ba8 14. a3 Nb6
15. Nxb6 axb6 16. b4 Bb7 17. Rc3 Bd6 18. f4 Ba6 19. Qc2 Bc4 20. Ra1 b5 21. Bc1
Qb6 22. e3 Ra8 23. Bb2 f6 24. Re1 Rae8 25. Qf2 e5 26. Rc2 Re7 27. Bf1 Rfe8 28.
Bxc4 bxc4 29. Rce2 Qa6 30. Qf3 c3 31. Bxc3 Qxa3 32. dxe5 fxe5 33. Bb2 Qxb4 34.
f5 Rf7 35. Ra1 Ref8 36. Ba3 Qc3 37. Rea2 Rxf5 38. Qxf5 Rxf5 39. Bxd6 Qxe3+ 40.
Kg2 h6 41. Ra8+ Kh7 42. R1a2 Qf3+ 0-1

[Event "Abierto Internacional Carlos I"]
[Site "Hotel Carlos I (Sanxenxo)"]
[Date "2009.06.21"]
[Round "2.1"]
[White "Patino Romaris, Juan Roberto"]
[Black "Paunovic, Dragan"]
[Result "0-1"]
[WhiteElo "2272"]
[BlackElo "2537"]
[PlyCount "84"]
[EventDate "2009.06.20"]

1. d4 d6 2. e4 Nf6 3. f3 c5 4. d5 g6 5. c4 Bg7 6. Nc3 O-O 7. Bd3 Nbd7 8. Nh3
Ne5 9. Nf2 Nxd3+ 10. Qxd3 a6 11. a4 e6 12. O-O exd5 13. cxd5 Nd7 14. f4 Rb8 15.
Re1 Re8 16. Be3 Qc7 17. h3 c4 18. Qe2 b5 19. axb5 axb5 20. Ra2 Qd8 21. Qd2 Nf6
22. Bd4 Nd7 23. Ng4 h5 24. Bxg7 hxg4 25. Bd4 b4 26. Nd1 gxh3 27. Nf2 Nc5 28.
Bxc5 dxc5 29. f5 Qh4 30. Re3 h2+ 31. Kh1 c3 32. Qe1 cxb2 33. Rb3 Bxf5 34. Rbxb2
Rxe4 35. Qa1 Re7 36. d6 Rd7 37. Ra7 Rxa7 38. Qxa7 Re8 39. Qa1 Qd4 40. Kxh2
Qxd6+ 41. Kg1 c4 42. Ra2 b3 0-1

[Event "Abierto Internacional Carlos I"]
[Site "Hotel Carlos I (Sanxenxo)"]
[Date "2009.06.21"]
[Round "2.2"]
[White "Strikovic, Aleksa"]
[Black "Alvarez de Ron Cruz, Dan"]
[Result "1-0"]
[WhiteElo "2536"]
[BlackElo "2260"]
[PlyCount "67"]
[EventDate "2009.06.20"]

1. c4 c5 2. Nf3 Nf6 3. d4 cxd4 4. Nxd4 e5 5. Nf3 Nc6 6. Nc3 Bb4 7. Bd2 O-O 8.
a3 Bxc3 9. Bxc3 Ne4 10. Qc2 Nxc3 11. Qxc3 d5 12. cxd5 Qxd5 13. e3 Be6 14. Ng5
Rac8 15. Qd3 g6 16. Nxe6 Qxe6 17. Qe4 Qb3 18. Bc4 Qxb2 19. O-O Qb6 20. h4 Kg7
21. h5 f5 22. Qh4 Qd8 23. h6+ Kh8 24. Qg3 Qf6 25. Rab1 Na5 26. Bd5 b6 27. Rbc1
Rfd8 28. e4 fxe4 29. Rxc8 Rxc8 30. Re1 Rd8 31. Rc1 b5 32. Rc7 Qd6 33. Qg5 Rf8
34. Rd7 1-0

[Event "Abierto Internacional Carlos I"]
[Site "Hotel Carlos I (Sanxenxo)"]
[Date "2009.06.21"]
[Round "2.3"]
[White "Faber, Michel"]
[Black "De La Villa Garcia, Jesus Maria"]
[Result "1/2-1/2"]
[WhiteElo "2246"]
[BlackElo "2476"]
[PlyCount "67"]
[EventDate "2009.06.20"]

1. c4 e5 2. Nc3 Nf6 3. g3 Bb4 4. Qb3 Nc6 5. Nd5 Bc5 6. Bg2 d6 7. e3 O-O 8. Ne2
a6 9. O-O Ba7 10. d3 Nd7 11. Bd2 Nc5 12. Qa3 Bf5 13. Nc1 h6 14. b4 Ne6 15. Qb2
Nb8 16. a4 c6 17. Nc3 Nd7 18. a5 Rc8 19. Ra3 Nf6 20. Na4 e4 21. Bc3 exd3 22.
Bxf6 Qxf6 23. Qxf6 gxf6 24. Nxd3 Nc7 25. Nf4 Rcd8 26. Rd1 Bb8 27. Nb6 Rfe8 28.
Ra2 Kf8 29. Rad2 Ke7 30. h3 Rh8 31. e4 Be6 32. Bf1 Rhg8 33. Kh2 Rh8 34. Be2
1/2-1/2

[Event "Abierto Internacional Carlos I"]
[Site "Hotel Carlos I (Sanxenxo)"]
[Date "2009.06.21"]
[Round "2.5"]
[White "Lasinskas, Povilas"]
[Black "Pena Gomez, Manuel"]
[Result "0-1"]
[WhiteElo "2242"]
[BlackElo "2456"]
[PlyCount "56"]
[EventDate "2009.06.20"]

1. d4 Nf6 2. c4 g6 3. Nc3 Bg7 4. Bg5 d6 5. Nf3 O-O 6. Qc2 c5 7. e3 Qa5 8. Rd1
cxd4 9. Bxf6 Bxf6 10. Nxd4 Nc6 11. Be2 Nxd4 12. exd4 Be6 13. O-O Rfc8 14. Qb3
Rab8 15. d5 Bd7 16. Ne4 Bg7 17. Rc1 Rc7 18. h3 Rbc8 19. Nc3 a6 20. a3 b5 21.
Na2 Bh6 22. f4 Qd2 23. Rf2 bxc4 24. Rxc4 Qe1+ 25. Rf1 Qxe2 26. Rxc7 Rxc7 27.
Qb8+ Rc8 28. Qb7 Qb5 0-1

[Event "Abierto Internacional Carlos I"]
[Site "Hotel Carlos I (Sanxenxo)"]
[Date "2009.06.21"]
[Round "2.6"]
[White "Guerra Bastida, Diego"]
[Black "Paredes Cordo, Jacobo Borja"]
[Result "1-0"]
[WhiteElo "2420"]
[BlackElo "2231"]
[PlyCount "123"]
[EventDate "2009.06.20"]

1. e4 c5 2. Nf3 e6 3. d4 cxd4 4. Nxd4 Nc6 5. Nc3 Qc7 6. Be2 a6 7. Be3 Nf6 8. a3
Be7 9. O-O O-O 10. f4 d6 11. Kh1 Bd7 12. Qe1 b5 13. Qg3 Kh8 14. Bd3 Rab8 15.
Nxc6 Bxc6 16. Bd4 Nh5 17. Qh3 e5 18. fxe5 dxe5 19. Rf5 Nf4 20. Bxe5 Nxh3 21.
Bxc7 Rbc8 22. Bg3 Ng5 23. Nd5 Bd8 24. h4 Ne6 25. Raf1 f6 26. h5 g6 27. R5f2
Bxd5 28. exd5 Nc5 29. h6 f5 30. Be5+ Kg8 31. Bg7 Re8 32. g4 Nxd3 33. cxd3 Bh4
34. Rf3 fxg4 35. Rf4 Rcd8 36. Re4 Be7 37. Kg2 Bf8 38. Bf6 Rc8 39. Rf2 Bc5 40.
Rc2 Rf8 41. Bg7 Rfd8 42. d4 Bf8 43. Rxc8 Rxc8 44. Bxf8 Kxf8 45. d6 Rd8 46. Rf4+
Ke8 47. Rf6 Kd7 48. Kg3 Re8 49. Kxg4 Re6 50. Rf7+ Kxd6 51. Rxh7 Re2 52. Ra7
Rxb2 53. h7 Rh2 54. Kg5 a5 55. Kxg6 b4 56. axb4 axb4 57. Rb7 Rg2+ 58. Kf6 Rf2+
59. Kg7 Rg2+ 60. Kf8 Rf2+ 61. Kg8 Rg2+ 62. Rg7 1-0

[Event "Abierto Internacional Carlos I"]
[Site "Hotel Carlos I (Sanxenxo)"]
[Date "2009.06.21"]
[Round "2.7"]
[White "Lacrosse, Marc"]
[Black "Gomez, Ledo Roberto"]
[Result "0-1"]
[WhiteElo "2216"]
[BlackElo "2398"]
[PlyCount "66"]
[EventDate "2009.06.20"]

1. d4 g6 2. c4 Bg7 3. e4 c5 4. d5 d6 5. Nc3 e5 6. Nf3 Ne7 7. Be2 O-O 8. O-O h6
9. Ne1 f5 10. Nd3 f4 11. Rb1 Nd7 12. Bg4 Nf6 13. Bxc8 Qxc8 14. f3 Rf7 15. b4 b6
16. bxc5 bxc5 17. Qb3 g5 18. Qb7 Qd8 19. Qa6 Ng6 20. Bd2 Bf8 21. Nb5 Qd7 22.
Qc6 Qxc6 23. dxc6 Ne8 24. Ba5 Ne7 25. c7 Nc6 26. Nxa7 Nxa7 27. Rb8 Nxc7 28.
Bxc7 Rxb8 29. Bxb8 Rb7 30. Bxa7 Rxa7 31. Rf2 Ra3 32. Ne1 Be7 33. Rc2 Bd8 0-1

[Event "Abierto Internacional Carlos I"]
[Site "Hotel Carlos I (Sanxenxo)"]
[Date "2009.06.21"]
[Round "2.8"]
[White "Aguera Naredo, Javier"]
[Black "Ortiz Fernandez-Vega, Alejandro"]
[Result "1-0"]
[WhiteElo "2380"]
[BlackElo "2191"]
[PlyCount "105"]
[EventDate "2009.06.20"]

1. e4 c5 2. Nf3 d6 3. d4 cxd4 4. Qxd4 Nc6 5. Bb5 Bd7 6. Bxc6 Bxc6 7. Nc3 Nf6 8.
Bg5 e5 9. Qd3 Be7 10. Rd1 a6 11. O-O Rc8 12. Bxf6 Bxf6 13. Qxd6 Qxd6 14. Rxd6
Ke7 15. Rfd1 Rhd8 16. Rxd8 Rxd8 17. Rxd8 Kxd8 18. Kf1 Kd7 19. Ke2 Kd6 20. Nd2
Bd8 21. Nc4+ Ke6 22. f3 g6 23. Ne3 f5 24. Ned5 h5 25. Kd3 g5 26. exf5+ Kxf5 27.
Ne3+ Ke6 28. Ne4 Be7 29. a3 Be8 30. c4 Bc6 31. b4 a5 32. c5 axb4 33. axb4 Bb5+
34. Kd2 Bc6 35. h3 b6 36. Kd3 Bb5+ 37. Kc3 bxc5 38. Nxc5+ Bxc5 39. bxc5 e4 40.
fxe4 Ke5 41. Nc4+ Kf4 42. Kd4 Bc6 43. Ne3 g4 44. hxg4 hxg4 45. e5 Bd7 46. Kd5
Kxe3 47. e6 Bxe6+ 48. Kxe6 g3 49. c6 Kf2 50. c7 Kxg2 51. c8=Q Kf1 52. Qc4+ Kg1
53. Qd4+ 1-0

[Event "Abierto Internacional Carlos I"]
[Site "Hotel Carlos I (Sanxenxo)"]
[Date "2009.06.21"]
[Round "2.9"]
[White "Lemeaux, David"]
[Black "Alvarez Fernandez, Enrique"]
[Result "1-0"]
[WhiteElo "2204"]
[BlackElo "2376"]
[PlyCount "133"]
[EventDate "2009.06.20"]

1. d4 Nf6 2. Bg5 Ne4 3. Bf4 c5 4. f3 Qa5+ 5. c3 Nf6 6. Nd2 cxd4 7. Nb3 Qb6 8.
Qxd4 Nc6 9. Qxb6 axb6 10. e4 d5 11. Bd3 e5 12. Bg5 Be6 13. Bxf6 gxf6 14. exd5
Bxd5 15. Bc2 Na5 16. Rd1 Bc6 17. Nxa5 bxa5 18. Nh3 Bc5 19. Nf2 Rg8 20. Kf1 Ke7
21. Bxh7 Rg7 22. Be4 Bd7 23. Nd3 Bb5 24. b3 Rd8 25. c4 Bc6 26. Bxc6 bxc6 27. g3
Bd4 28. Kg2 c5 29. Rhe1 Kd6 30. Re2 Rgg8 31. Nf2 f5 32. Nd3 f6 33. Ne1 Kc6 34.
Nc2 Rge8 35. Kf1 Rb8 36. Ne3 f4 37. Nd5 fxg3 38. hxg3 Rh8 39. Kg2 Rh6 40. Rh1
Rbh8 41. Ree1 Kd6 42. Nxf6 a4 43. Ne4+ Ke7 44. Rxh6 Rxh6 45. f4 axb3 46. axb3
Rb6 47. Rb1 exf4 48. gxf4 Ke6 49. Kf3 Rb8 50. Nf2 Bxf2 51. Kxf2 Kf5 52. Kf3 Rb7
53. Re1 Rxb3+ 54. Re3 Rb1 55. Re5+ Kf6 56. Rxc5 Rf1+ 57. Ke4 Re1+ 58. Kd4 Rd1+
59. Kc3 Ke6 60. Re5+ Kd6 61. c5+ Kc6 62. Kc4 Rf1 63. Rf5 Rc1+ 64. Kd4 Rd1+ 65.
Ke4 Re1+ 66. Kf3 Kd7 67. Re5 1-0

[Event "Abierto Internacional Carlos I"]
[Site "Hotel Carlos I (Sanxenxo)"]
[Date "2009.06.22"]
[Round "3.1"]
[White "Paunovic, Dragan"]
[Black "Guerra Bastida, Diego"]
[Result "1-0"]
[WhiteElo "2537"]
[BlackElo "2420"]
[PlyCount "107"]
[EventDate "2009.06.20"]

1. Nf3 e6 2. c4 f5 3. g3 Nf6 4. Bg2 d5 5. O-O c6 6. d4 Bd6 7. b3 Qe7 8. Nc3 O-O
9. Qc2 b6 10. Bb2 a5 11. Rac1 Na6 12. e3 Ne4 13. Ne5 Nb4 14. Qe2 Nxc3 15. Bxc3
Bb7 16. Rfd1 Rfc8 17. a3 Na6 18. a4 Bxe5 19. dxe5 Nc5 20. Qc2 Ne4 21. Be1 g5
22. f3 Nc5 23. Bc3 h5 24. e4 fxe4 25. fxe4 dxe4 26. Bxe4 Rf8 27. Bg2 Rf5 28.
Rf1 Raf8 29. Rxf5 Rxf5 30. Rd1 Nd7 31. Be4 Rf7 32. Rd6 Nf8 33. Qd2 g4 34. c5
bxc5 35. Bxa5 Ba6 36. Bd8 Rf1+ 37. Kg2 Qg7 38. Bf6 Rxf6 39. exf6 Qxf6 40. Qf4
Qe7 41. Rxc6 Bb7 42. Rb6 Bxe4+ 43. Qxe4 Qd7 44. h4 Qd2+ 45. Kh1 Qd1+ 46. Kh2
Qd2+ 47. Qg2 Qd4 48. Rb8 Qd6 49. Ra8 Kg7 50. Qf2 Nd7 51. Ra7 e5 52. Qe3 Kf8 53.
Qg5 Nb6 54. Qg7+ 1-0

[Event "Abierto Internacional Carlos I"]
[Site "Hotel Carlos I (Sanxenxo)"]
[Date "2009.06.22"]
[Round "3.2"]
[White "Gomez, Ledo Roberto"]
[Black "Strikovic, Aleksa"]
[Result "1/2-1/2"]
[WhiteElo "2398"]
[BlackElo "2536"]
[PlyCount "93"]
[EventDate "2009.06.20"]

1. d4 d6 2. e4 Nf6 3. Nc3 e5 4. dxe5 dxe5 5. Qxd8+ Kxd8 6. Bc4 Ke8 7. Nf3 Bd6
8. Bg5 Nbd7 9. O-O-O a6 10. a4 h6 11. Bh4 g6 12. Kb1 Kf8 13. Ne1 Kg7 14. f3 Re8
15. Nd3 c6 16. Bf2 b5 17. Ba2 Rb8 18. axb5 axb5 19. Ne2 Bf8 20. b4 Nb6 21. Bxb6
Rxb6 22. Nc5 Bxc5 23. bxc5 Ra6 24. Nc1 Be6 25. Bxe6 Rxe6 26. Rd8 Re7 27. Rhd1
Raa7 28. R1d6 Rac7 29. Nd3 Nd7 30. Nb4 Nxc5 31. Nxc6 Re6 32. Rxe6 Nxe6 33. Rd6
Nf4 34. g3 Ng2 35. Nxe5 Ne1 36. Rd2 f6 37. Re2 fxe5 38. Rxe1 Rc3 39. Rf1 b4 40.
Kb2 g5 41. Rf2 Kf6 42. Kb1 h5 43. h4 gxh4 44. gxh4 Ke6 45. Kb2 Ke7 46. Rf1 Ke6
47. Rf2 1/2-1/2

[Event "Abierto Internacional Carlos I"]
[Site "Hotel Carlos I (Sanxenxo)"]
[Date "2009.06.22"]
[Round "3.3"]
[White "Aguera Naredo, Javier"]
[Black "Recuero Guerra, David"]
[Result "0-1"]
[WhiteElo "2380"]
[BlackElo "2459"]
[PlyCount "56"]
[EventDate "2009.06.20"]

1. e4 c5 2. Nf3 Nc6 3. d4 cxd4 4. Nxd4 Nf6 5. Nc3 d6 6. Bg5 e6 7. Qd2 Be7 8.
O-O-O a6 9. f4 Nxd4 10. Qxd4 b5 11. Bxf6 gxf6 12. e5 d5 13. Kb1 Bd7 14. Qe3 f5
15. Bd3 b4 16. Ne2 h5 17. g4 hxg4 18. h3 gxh3 19. Rxh3 Rxh3 20. Qxh3 Bb5 21.
Qh5 Bxd3 22. Rxd3 Kd7 23. c4 bxc3 24. Nxc3 Qb6 25. Qxf7 Rh8 26. Qg7 Rh1+ 27.
Nd1 Qf2 28. Qg8 Qe2 0-1

[Event "Abierto Internacional Carlos I"]
[Site "Hotel Carlos I (Sanxenxo)"]
[Date "2009.06.22"]
[Round "3.4"]
[White "Pena Gomez, Manuel"]
[Black "Rodriguez Lopez, Rafael"]
[Result "0-1"]
[WhiteElo "2456"]
[BlackElo "2299"]
[PlyCount "86"]
[EventDate "2009.06.20"]

1. c4 c6 2. Nf3 d5 3. g3 Nf6 4. Bg2 Bf5 5. Qb3 Qb6 6. O-O e6 7. d3 Nbd7 8. Qc2
h6 9. b3 Be7 10. Bb2 O-O 11. Nc3 Bh7 12. Rac1 a5 13. Qb1 Rfe8 14. Qa1 Bf8 15.
Na4 Qd8 16. Rfd1 b5 17. cxb5 cxb5 18. Nc3 Qb6 19. e4 dxe4 20. dxe4 Nc5 21. e5
Ng4 22. Nd4 Nd3 23. Ncxb5 Nxc1 24. Qxc1 Rac8 25. Qf4 h5 26. h3 Nh6 27. Nc3 Nf5
28. Na4 Qa6 29. Bf1 Qa7 30. Nb5 Qb7 31. Bc3 Red8 32. Re1 Rd5 33. g4 hxg4 34.
hxg4 Nh4 35. Qg3 Be7 36. Nd6 Rxd6 37. exd6 Nf3+ 38. Kh1 Nxe1+ 39. f3 Bxd6 40.
Qxd6 Qxf3+ 41. Kg1 Qe3+ 42. Kh1 Be4+ 43. Kh2 Qf2+ 0-1

[Event "Abierto Internacional Carlos I"]
[Site "Hotel Carlos I (Sanxenxo)"]
[Date "2009.06.22"]
[Round "3.5"]
[White "De La Villa Garcia, Jesus Maria"]
[Black "Lemeaux, David"]
[Result "1/2-1/2"]
[WhiteElo "2476"]
[BlackElo "2204"]
[PlyCount "126"]
[EventDate "2009.06.20"]

1. e4 c5 2. Nf3 e6 3. d4 cxd4 4. Nxd4 Nc6 5. Nc3 Qc7 6. Be3 a6 7. Qd2 Nf6 8.
O-O-O Bb4 9. f3 Na5 10. Bg5 Bxc3 11. Qxc3 Qxc3 12. bxc3 b5 13. Nb3 Nxb3+ 14.
axb3 Bb7 15. Rd6 h6 16. Bh4 Bc6 17. Kb2 O-O 18. Be2 Rfb8 19. Ra1 a5 20. Bg3 Rb7
21. Bf2 Ne8 22. Rdd1 f6 23. Bd4 Rbb8 24. g4 Kf7 25. h4 d6 26. g5 hxg5 27. hxg5
a4 28. Rg1 Nc7 29. gxf6 gxf6 30. Rh1 Rg8 31. Bb6 Ne8 32. Rh2 Rg7 33. Be3 Rb8
34. Rah1 d5 35. Bc5 e5 36. f4 exf4 37. exd5 Bxd5 38. Rd1 Ke6 39. Bf1 Be4 40.
bxa4 bxa4+ 41. Ka3 Nc7 42. Rd6+ Kf5 43. Bd4 Rg6 44. Rh5+ Kg4 45. Rc5 Ne8 46.
Rd7 Bxc2 47. Bc4 f5 48. Be5 Rbb6 49. Bf7 Rh6 50. Bxe8 Rb3+ 51. Ka2 Rh2 52. Rg7+
Kf3 53. Bc6+ Ke3 54. Bd4+ Kd3 55. Bb5+ Kd2 56. Bxa4 Rb6 57. Bxc2 Kxc2 58. Ra5
Rb2+ 59. Ka3 f3 60. Rxf5 Rh1 61. Rg1 Rxg1 62. Bxg1 Rb3+ 63. Ka4 Rxc3 1/2-1/2

[Event "Abierto Internacional Carlos I"]
[Site "Hotel Carlos I (Sanxenxo)"]
[Date "2009.06.22"]
[Round "3.6"]
[White "Nedobora, Gregori"]
[Black "Adrian, Claude"]
[Result "0-1"]
[WhiteElo "2036"]
[BlackElo "2292"]
[PlyCount "69"]
[EventDate "2009.06.20"]

1. c4 b6 2. Nc3 Bb7 3. e4 e6 4. Nf3 Bb4 5. Bd3 Na6 6. Bc2 Nf6 7. Qe2 Nc5 8. e5
Ng4 9. d4 Na6 10. Bd2 f5 11. h3 Nh6 12. Bg5 Be7 13. Bxh6 gxh6 14. d5 Nb4 15.
Bb3 exd5 16. cxd5 Ba6 17. Nb5 c6 18. Nfd4 O-O 19. dxc6+ Kh8 20. c7 Qc8 21. Rc1
Bc5 22. Qd2 Nc6 23. Nxc6 dxc6 24. Qc3 Kg7 25. Qg3+ Kh8 26. e6 Bb4+ 27. Nc3 f4
28. Qf3 Qxc7 29. Qe4 Qe7 30. a3 Bxc3+ 31. Rxc3 c5 32. g3 Rad8 33. Qe5+ Qf6 34.
gxf4 c4 35. Bc2 {ilegible (0-1 en 64)} 0-1

[Event "Abierto Internacional Carlos I"]
[Site "Hotel Carlos I (Sanxenxo)"]
[Date "2009.06.22"]
[Round "3.7"]
[White "Pinho, Fernando"]
[Black "Faber, Michel"]
[Result "1/2-1/2"]
[WhiteElo "1881"]
[BlackElo "2246"]
[PlyCount "87"]
[EventDate "2009.06.20"]

1. d4 Nf6 2. Nf3 c5 3. e3 e6 4. c3 b6 5. Bd3 Bb7 6. O-O g6 7. Re1 d5 8. Nbd2
Bg7 9. Ne5 O-O 10. f4 Nc6 11. Ndf3 Rc8 12. Bd2 Ne4 13. Nxc6 Bxc6 14. Qe2 f6 15.
Rad1 Qe7 16. Bc1 cxd4 17. exd4 Ba4 18. Bc2 Qd7 19. Bxa4 Qxa4 20. Nd2 f5 21.
Nxe4 fxe4 22. a3 b5 23. Qg4 Rce8 24. h4 Rf5 25. Qh3 Qc2 26. Rd2 Qb1 27. Rde2
Qa2 28. g4 Rf7 29. h5 Qc4 30. Rh2 Kf8 31. g5 Ke7 32. Be3 Rh8 33. h6 Bf8 34. Qg3
Kd7 35. Qf2 Bd6 36. Qd2 a5 37. Rf2 Rc8 38. Ra1 Kc6 39. Qc2 Kb6 40. Kg2 Rf5 41.
Kh3 Qc7 42. Kg4 Qc4 43. Rc1 Rcf8 44. Ra1 1/2-1/2

[Event "Abierto Internacional Carlos I"]
[Site "Hotel Carlos I (Sanxenxo)"]
[Date "2009.06.22"]
[Round "3.8"]
[White "Eyo Castro-Rial, Alberto"]
[Black "Senlle Caride, Miguel"]
[Result "0-1"]
[WhiteElo "2193"]
[BlackElo "2155"]
[PlyCount "80"]
[EventDate "2009.06.20"]

1. e4 c5 2. Nc3 Nc6 3. Nge2 d6 4. d4 cxd4 5. Nxd4 Nf6 6. Bg5 g6 7. Bxf6 exf6 8.
Bb5 Bd7 9. O-O Bg7 10. Nde2 Be6 11. Qd4 O-O 12. Bxc6 bxc6 13. Rad1 Rb8 14. b3
Qa5 15. Qxd6 f5 16. Na4 fxe4 17. Qc5 Qc7 18. Ng3 Be5 19. c4 f5 20. Rfe1 Rbd8
21. f3 Rxd1 22. Rxd1 e3 23. Ne2 f4 24. Nac3 Bf5 25. h3 Qg7 26. Na4 Bc2 27. Re1
Qf6 28. Qa5 Rd8 29. Nc5 Rd2 30. Kh2 Qh4 31. Ne6 Qf6 32. Nc5 Bf5 33. Nb7 g5 34.
Qxa7 g4 35. Nc5 Bd6 36. Qa8+ Kg7 37. Qxc6 g3+ 38. Kg1 Rxe2 39. Rf1 Rxg2+ 40.
Kxg2 Qb2+ 0-1